| 000 | 00506nam a2200193Ia 4500 | ||
|---|---|---|---|
| 005 | 20250326143830.0 | ||
| 008 | 250326s9999 xx 000 0 und d | ||
| 020 | _a978-0-19-567694-5 | ||
| 037 | _aTextbook | ||
| 040 |
_aFMSL _beng _cFMSL |
||
| 041 |
_aeng _2eng |
||
| 084 |
_aX:9 P6 _qFMSL |
||
| 100 | _aJyothi P | ||
| 245 | 0 |
_aHuman resource management _cJyothi P; Venkatesh D N |
|
| 260 |
_aNY _bNY, Oxford _c2006 |
||
| 300 | _a565p | ||
| 942 |
_cTB _hX:9 P6 |
||
| 999 |
_c1301241 _d1301241 |
||